Регионална библиотека "Любен Каравелов" - Русе

Портрет в сепия (Запис номер 107962)

MARC детайли
000 -Лидер
Контролно поле с фиксирана дължина 01377nam a2200325 c 4500
003 - Код на организацията, давaща контролен номер
Контролно поле BLK
005 - Дата и час на последна редакция
Контролно поле 20250315100801.0
008 - Елементи от данни с фиксирана дължина
fixed length control field 180409b bul|||||r ||||||| ||bul||
010 ## - Наследен системен номер
LC control number KNG00113259000
020 ## - Международен стандартен номер на книга ISBN
Международен стандартен номер на книга ISBN 954-529-306-3
-- издат.: Колибри
040 ## - Източник на каталожния запис
Идентификатор на билиотеката - собственик на записа BLK
041 ## - Код за език
Код за езика на текст/звукозапис или на отделно заглавие Български
Код за езика КДБФ Български
080 ## - УДК
Текстов определител УДК Чилийска литература
УДК код - определител по УДК 821.134.2(83)
УДК определител -31
УДК - код + определител 821.134.2(83)-31
100 1# - Редна дума - Автор
Автор Алиенде, Исабел
Авторска отговорност първи автор
R(LIN) 30822
139 ## - Редно поле
Редна дума Алиенде, Исабел
Авторски знак Али - А 54
245 10 - Сведения за заглавието
Заглавие Портрет в сепия
Подзаглавни данни Роман
Редно поле (дума) Исабел Алиенде; прев. от исп. Маня Асенова Костова.
257 ## - Страна на издаване
Страна на създаване/издаване Чили
260 ## - Област на издателските данни
-- София
Име на издателя, разпространителя и проч. Колибри
Година на издаване 2004
Печатница София : Унискорп
300 ## - Физическа характеристика
Страници 310 с.
Размери/Мащаб 21 см
380 ## - Жанр
Жанр Худож. лит.
500 ## - Общи забележки
Забележка Ориг. загл. Petrato en sepia / Isabel Allende. Кн. е последна от трилогията след Къщата на духовете и Дъщеря на съдбата.
653 ## - Ключова дума – ненормативна
Ключова дума романи
700 1# - Други автори (авторска отговорност)
Лично име Костова, Маня Асенова
Автороска отговорност (Описва отношението между автора и произведението) прев. от исп.
9 (RLIN) 277900
852 ## - Местоположение
Форматна сигнатура Цб 219682
856 4# - Електронен адрес и достъп
Електронен формат pdf - файл
Път до файла /url/
856 4# - Електронен адрес и достъп
Електронен формат pdf - файл
Път до файла /url/
942 ## - АРТИКУЛИ
Вид на библиотечния материал Книги
Скрит в OPAC Не
Koha issues (borrowed), all copies 50
944 ## - СЪЗДАВАНЕ И РЕДАКЦИЯ на ЗАПИСА
Създаване/Редакция Създаване
Дата на регистрацията/редакция 27.05.2004
Статус, дата на статуса Христина Везирева
Служител, извършил регистрацията/редакцията 30535
944 ## - СЪЗДАВАНЕ И РЕДАКЦИЯ на ЗАПИСА
Създаване/Редакция Редакция
Дата на регистрацията/редакция 18.11.2014
Статус, дата на статуса ф /
Служител, извършил регистрацията/редакцията Людмила_Стоянова
999 ## - СИСТЕМНИ КОНТРОЛНИ НОМЕРА
Koha biblionumber 107962
Koha biblioitemnumber 107962
Наличности
Код за отписване Код за изгубен артикул Източник на класификационната схема Код за повреда Коз за рестрикции Код за отдаване Артикулен № Име на библиотеката - собственик Име на библиотеката, в която се намира в момента Статус (Текущо местоположение) Дата на вписване в системата Местоположение - отдел Цена в лева Инвентарен номер Систематично азбучна сигнатура Баркод Номер на екземпляра Цена в евро Служебна бележка Служебен тип на артикула
  Не е изгубен Universal Decimal Classification Не е повреден без рестрикции заемане за дома 174063 Регионална библиотека "Любен Каравелов" Русе Регионална библиотека "Любен Каравелов" Русе Заемна - подръчен фонд 2004-05-27 Заемна - подръчен фонд 10.00 120000685693 П 821-31/А 54 120000685693 1 5.11 Дост: Pk Вид: Ф N: 20 Дата: 26.05.2004 Дата инв: 16.02.2018 Бележки инв: П2018 Книги
Изтеглен Не е изгубен   Не е повреден без рестрикции заемане за дома 174064 Регионална библиотека "Любен Каравелов" Русе Регионална библиотека "Любен Каравелов" Русе Заемна - подръчен фонд 2004-08-04 Заемна - подръчен фонд 10.00 120000687378 П 860(7/8)-31/А 54 120000687378 2 5.11 Дост: Pk Вид: Ф N: 24 Дата: 04.08.2004 Дата инв: 09.02.2018 Бележки инв: П2018 Книги
Изтеглен Не е изгубен   Не е повреден без рестрикции заемане за дома 174065 Регионална библиотека "Любен Каравелов" Русе Регионална библиотека "Любен Каравелов" Русе Заемна - подръчен фонд 2009-08-27 Заемна - подръчен фонд 10.00 120000737799 П 860(7/8)-31/А 54 120000737799 3 5.11 Дост: DA Вид: А N: 10 Дата: 27.08.2009 Дата инв: 09.02.2018 Бележки инв: П2018 Книги
  Не е изгубен   Не е повреден без рестрикции заемане за дома 174066 Регионална библиотека "Любен Каравелов" Русе Регионална библиотека "Любен Каравелов" Русе Заемна - подръчен фонд 2013-12-09 Заемна - подръчен фонд 10.00 120000772905 П 860(7/8)-31/А 54 120000772905 4 5.11 Дост: DA Вид: А N: 20 Дата: 09.12.2013 Дата инв: 09.02.2018 Бележки инв: П2018 Книги
  Не е изгубен   Не е повреден без рестрикции ползва се в читалня 174067 Регионална библиотека "Любен Каравелов" Русе Регионална библиотека "Любен Каравелов" Русе Хранилище 2014-11-05 Основен фонд - ползва се само за читалня 10.00 120000781884 Цб 219682 120000781884 5 5.11 Дост: DA Вид: А N: 24 Дата: 05.11.2014 Книги
Vip Innovations Ltd, Rousse, Bulgaria 2025